| 000 | 00588nam a22001937a 4500 | ||
|---|---|---|---|
| 999 |
_c14365 _d14365 |
||
| 003 | AR-CdUCM | ||
| 008 | 190423b ||||| |||| 00| 0 spa d | ||
| 020 | _a978-84-9825-940-7 | ||
| 040 |
_aMUNICIPALIDAD PROVINCIAL DEL CUSCO _cBIBLIOTECA MUNICIPAL DEL CUSCO |
||
| 082 |
_aPI /376.1 / _bP39 |
||
| 100 |
_aPelham, David _933110 |
||
| 245 | _aFauna pop - up / | ||
| 260 |
_aBarcelona : _bCombel, _c2014. |
||
| 300 |
_a14 paginas ; _bIlustraciones plegables, _c16 cm. |
||
| 650 |
_aFauna _925064 |
||
| 650 |
_aCuentos infantiles _93927 |
||
| 942 |
_2ddc _cLIBROS |
||
| 945 |
_apjha _d2019-05-02 |
||